Радиоактивный йод; Энергия: экономика, техника, экология; № 5

Dades bibliogràfiques
Parent link:Энергия: экономика, техника, экология: научно-популярный и общественно-политический журнал/ Российская академия наук (РАН).— , 1984-.— 0233-3619
№ 5.— 2003.— С. 57-62
Autor principal: Василенко И. Я.
Altres autors: Василенко О. И.
Idioma:rus
Publicat: 2003
Matèries:
Format: Capítol de llibre
KOHA link:https://koha.lib.tpu.ru/cgi-bin/koha/opac-detail.pl?biblionumber=386451

MARC

LEADER 00000naa2a2200000 4500
001 386451
005 20231101063457.0
035 |a (RuTPU)RU\TPU\prd\15234 
090 |a 386451 
100 |a 20030618a2003 k y0rusy50 ca 
101 0 |a rus 
102 |a RU 
200 1 |a Радиоактивный йод  |f И. Я. Василенко, О. И. Василенко 
461 1 |0 (RuTPU)RU\TPU\prd\458  |x 0233-3619  |t Энергия: экономика, техника, экология  |o научно-популярный и общественно-политический журнал  |f Российская академия наук (РАН)  |d 1984- 
463 1 |0 (RuTPU)RU\TPU\prd\15064  |t № 5  |v С. 57-62  |d 2003 
610 1 |a йод 
610 1 |a радиоактивный йод 
610 1 |a гормоны 
610 1 |a облучённое топливо 
610 1 |a реакторы 
610 1 |a радионуклиды 
610 1 |a миграция изотопов 
610 1 |a АЭС 
610 1 |a выбросы 
610 1 |a радиойод 
610 1 |a метаболизм 
610 1 |a толксичность 
610 1 |a нормы 
610 1 |a радиационная безопасность 
700 1 |a Василенко  |b И. Я. 
701 1 |a Василенко  |b О. И. 
801 1 |a RU  |b 63413507  |c 20030618  |g PSBO 
801 2 |a RU  |b 63413507  |c 20120516  |g RCR 
942 |c BK